000 01340nam a22003737a 4500
003 CHAP
005 20220329141026.0
008 971013s1996 r 00010 d
010 _a61474
011 _a62446
035 _a66620
040 _cCHAP
090 _aTesis
100 0 0 _aGuzmán López, Oscar.
_951975
245 _aEvaluación financiera para la producción de miel de abeja en el municipio de Españita, Tlaxcala
260 _aChapingo, Méx. :
_bEl autor,
_c1996
300 _a66 h.
_b: gráfs. ; anexos
502 _aTesis (Ing. Agr. Esp. en Economía Agrícola) -- UACH. Departamento de Economía Agrícola
590 _aALEPH
_b10
_c20130110
_lUCH01
_h1342
590 _aBATCH-UPD
_b10
_c20130110
_lUCH01
_h0154
590 _aBATCH-UPD
_b10
_c20130110
_lUCH01
_h0821
590 _aBATCH-UPD
_b10
_c20130409
_lUCH01
_h2156
590 _aBATCH-UPD
_b10
_c20130914
_lUCH01
_h1558
590 _aCONVERSION
_b10
_c20130109
_lUCH01
_h1333
650 1 4 _aMiel de abejas
_xCostos de producción.
_975565
650 1 4 _aMiel de abejas
_xMercadeo.
_975567
650 1 4 _aMiel de abejas
_xRendimiento.
_975571
650 1 4 _aPolen.
_990208
700 0 _aParades Reyes, Ismael.
_985442
901 _aBK
942 _cFOLL
949 _bBC
_cTES
_d-151838
_eTS1
_h30550
_i66620
_si
949 _bBC
_cTES
_d33724000624672
_eTS2
_fc.2
_h30551
_i66620
_si
999 _c61474
_d61474